ბათუმის შოთა რუსთაველის სახელმწიფო უნივერსიტეტის ბიბლიოთეკა

უბის წიგნაკიდან : (ბიბ.ჩანაწერი № 40106)

000 -ლიდერი
ფიქსირებული სიგრძის საკონტროლო ველი 00841nam a2200217Ia 4500
001 - საკონტროლო ნომერი
საკონტროლო ველი 6712
003 - საკონტროლო ნომრის იდენტიფიკატორი
საკონტროლო ველი GE_BSU
005 - ბოლო ოპერაციის თარიღი და დრო
საკონტროლო ველი 20191211123628.0
008 - ფიქსირებული სიგრძის მონაცემთა ელემენტები - ზოგადი ინფორმაცია
ფიქსირებული სიგრძის საკონტროლო ველი 181216s1964||||g |||||||||||||| ||g ||
040 ## - კატალოგიზაციის წყარო
Transcribing agency GE_BSU
041 ## - ენის კოდი
Language code of text/sound track or separate title geo
080 ## - უნივერსალური ათობითი კლასიფიკაციის ინდექსი
Universal Decimal Classification number 821.353.1-1 გ-30
100 ## - მთავარი ჩანაწერი - პიროვნების სახელი
Personal name გელოვანი, მირზა.
9 (RLIN) 5783
245 ## - ცნობა სათაურის შესახებ
Title უბის წიგნაკიდან :
Remainder of title რჩეული /
Statement of responsibility, etc მირზა გელოვანი ; რედ. ვ. ბეწუკელი.
264 ## - წარმოების, გამოცემის, დისტრიბუციის და სხვა ცნობები
გამოცემის, წარმოების, დისტრიბუციის... ადგილი თბილისი :
გამოცემის, წარმოების, დისტრიბუციის... სახელწოდება საბჭ.საქართველო,
გამოცემის, წარმოების, დისტრიბუციის... თარიღი 1964.
300 ## - ფიზიკური აღწერა
Extent 290 გვ. :
Other physical details ფოტო ;
Dimensions 17 სმ.
653 ## - INDEX TERM--UNCONTROLLED
Uncontrolled term რჩეული
653 ## - INDEX TERM--UNCONTROLLED
Uncontrolled term უბის წიგნაკიდან
700 ## - ADDED ENTRY--PERSONAL NAME
Personal name ბეწუკელი, ვ.
Relator term რედაქტორი
9 (RLIN) 5784
942 ## - ADDED ENTRY ELEMENTS (KOHA)
Koha item type წიგნი
Source of classification or shelving scheme
ეგზემპლარები
ჩამოწერის სტატუსი დაკარგული ეგზემპლარის სტატუსი კლასიფიკაციის წყარო ან თაროზე გაწყობის სქემა დაზიანების სტატუსი არ გაიცემა მუდმივი მდებარეობა (დაცვის ადგილი) ამჟამინდელი ადგილსამყოფელი თაროზე განთავსების ადგილი შეძენის თარიღი ღირებულება, შესყიდვის ნორმალური ფასი სრული შენახვის შიფრი შტრიხკოდი ბოლო ოპერაციის თარიღი ეგზემპლარის მიმდევრობითი ნომერი (კეტერი?) ფასის ძალაში შესვლის თარიღი ეგზემპლარის სახეობა საჯარო შენიშვნა
          ბათუმის შოთა რუსთაველის სახელმწიფო უნივერსიტეტის მთავარი ბიბლიოთეკა ბათუმის შოთა რუსთაველის სახელმწიფო უნივერსიტეტის მთავარი ბიბლიოთეკა წიგნსაცავი 2018-12-17 1.04 821.353.1-1 გ-30 14493 2018-12-17 14493 2018-12-17 წიგნი 1.04 ლ.